000 00446nam a2200121Ia 4500
008 220620s9999||||xx |||||||||||||| ||und||
100 _aTurquety, Benoît
245 0 _aMedium, Format, Configuration
_bThe Displacements of Film
546 _aEnglish[eng]
650 _atechnology||Simondon||format||media||network||digital cinema
856 _uhttps://library.oapen.org/bitstream/20.500.12657/37576/1/978-3-95796-004-7-Turquety.pdf
942 _cEB
999 _c30558
_d30558